<?xml version="1.0" encoding="UTF-8"?>
<record
    xmlns:xsi="http://www.w3.org/2001/XMLSchema-instance"
    xsi:schemaLocation="http://www.loc.gov/MARC21/slim http://www.loc.gov/standards/marcxml/schema/MARC21slim.xsd"
    xmlns="http://www.loc.gov/MARC21/slim">

  <leader>00464nam a22001817a 4500</leader>
  <controlfield tag="003">OSt</controlfield>
  <controlfield tag="005">20260213122258.0</controlfield>
  <controlfield tag="008">210607b           ||||| |||| 00| 0 eng d</controlfield>
  <datafield tag="020" ind1=" " ind2=" ">
    <subfield code="a">9780241950425</subfield>
  </datafield>
  <datafield tag="082" ind1=" " ind2=" ">
    <subfield code="a">813.54</subfield>
    <subfield code="b">SA3C</subfield>
  </datafield>
  <datafield tag="100" ind1=" " ind2=" ">
    <subfield code="a">Salinger, J D</subfield>
  </datafield>
  <datafield tag="245" ind1=" " ind2=" ">
    <subfield code="a">The Catcher in the rye</subfield>
    <subfield code="c">by J.D. Salinger</subfield>
  </datafield>
  <datafield tag="260" ind1=" " ind2=" ">
    <subfield code="a">Gurgaon (Haryana)</subfield>
    <subfield code="b">Penguin Books India</subfield>
    <subfield code="c">2010.</subfield>
  </datafield>
  <datafield tag="300" ind1=" " ind2=" ">
    <subfield code="a">229p.</subfield>
  </datafield>
  <datafield tag="546" ind1=" " ind2=" ">
    <subfield code="a">English</subfield>
  </datafield>
  <datafield tag="650" ind1=" " ind2=" ">
    <subfield code="a">American fiction</subfield>
  </datafield>
  <datafield tag="942" ind1=" " ind2=" ">
    <subfield code="2">ddc</subfield>
    <subfield code="c">BK</subfield>
  </datafield>
  <datafield tag="999" ind1=" " ind2=" ">
    <subfield code="c">24314</subfield>
    <subfield code="d">24314</subfield>
  </datafield>
  <datafield tag="952" ind1=" " ind2=" ">
    <subfield code="0">0</subfield>
    <subfield code="1">0</subfield>
    <subfield code="2">ddc</subfield>
    <subfield code="4">0</subfield>
    <subfield code="7">0</subfield>
    <subfield code="8">TXB</subfield>
    <subfield code="a">CURAJ</subfield>
    <subfield code="b">CURAJ</subfield>
    <subfield code="c">ENG</subfield>
    <subfield code="d">2021-06-07</subfield>
    <subfield code="e">Researchco books</subfield>
    <subfield code="g">399.00</subfield>
    <subfield code="i">RBPPL80703/20-21/11-02-2021</subfield>
    <subfield code="l">8</subfield>
    <subfield code="o">813.54 SA3C</subfield>
    <subfield code="p">36208</subfield>
    <subfield code="r">2024-04-16</subfield>
    <subfield code="s">2024-03-27</subfield>
    <subfield code="w">2021-06-07</subfield>
    <subfield code="y">BK</subfield>
  </datafield>
  <datafield tag="952" ind1=" " ind2=" ">
    <subfield code="0">0</subfield>
    <subfield code="1">0</subfield>
    <subfield code="2">ddc</subfield>
    <subfield code="4">0</subfield>
    <subfield code="7">0</subfield>
    <subfield code="8">TXB</subfield>
    <subfield code="a">CURAJ</subfield>
    <subfield code="b">CURAJ</subfield>
    <subfield code="c">ENG</subfield>
    <subfield code="d">2021-06-07</subfield>
    <subfield code="e">Researchco books</subfield>
    <subfield code="g">399.00</subfield>
    <subfield code="i">RBPPL80703/20-21/11-02-2021</subfield>
    <subfield code="l">15</subfield>
    <subfield code="o">813.54 SA3C</subfield>
    <subfield code="p">36209</subfield>
    <subfield code="r">2026-02-13</subfield>
    <subfield code="s">2026-01-29</subfield>
    <subfield code="w">2021-06-07</subfield>
    <subfield code="y">BK</subfield>
  </datafield>
</record>
